[Event "22nd EUR-ch (w)"]
[Site "Prague CZE"]
[Date "2022.08.29"]
[Round "9.7"]
[White "Babiy, Olga"]
[Black "Tsolakidou, Stavroula"]
[Result "1/2-1/2"]
[WhiteElo "2296"]
[BlackElo "2388"]
[EventDate "2022.08.20"]
[PlyCount "66"]

1.e4 c5 2.Nf3 d6 3.Bb5+ Nd7 4.Ba4 Nf6 5.O-O e6 6.d3 Be7 7.c4 O-O 8.Nc3 b6 
9.a3 Bb7 10.Rb1 a6 11.Qe2 Qc7 12.h3 Rfd8 13.Bg5 Nf8 14.Nh2 Ng6 15.f4 h6 
16.Bxf6 Bxf6 17.Qh5 Bd4+ 18.Kh1 d5 19.f5 Nf4 20.Qg4 Be5 21.Nf3 exf5 22.
exf5 Bxc3 23.bxc3 dxc4 24.f6 g6 25.dxc4 Rd3 26.Rbe1 Qd6 27.Re7 Bxf3 28.
Rxf3 Rxf3 29.Qxf3 Rf8 30.Qc6 Qb8 31.Qb7 Qd6 32.Qc6 Qb8 33.Qb7 Qd6 1/2-1/2

[Event "22nd EUR-ch (w)"]
[Site "Prague CZE"]
[Date "2022.08.29"]
[Round "9.8"]
[White "Malcewska, Aleksandra"]
[Black "Rapport, Jovana"]
[Result "1-0"]
[WhiteElo "2360"]
[BlackElo "2294"]
[EventDate "2022.08.20"]
[PlyCount "61"]

1.e4 e6 2.d4 d5 3.Nd2 c5 4.dxc5 Bxc5 5.Bd3 Nc6 6.Ngf3 Nf6 7.Qe2 Nb4 8.Bb5+
Bd7 9.O-O a6 10.Bxd7+ Qxd7 11.c3 Nc6 12.e5 Ng8 13.Rd1 Qc7 14.b4 Ba7 15.a4 
Bb8 16.c4 Nge7 17.Ba3 Nxe5 18.cxd5 Nxd5 19.Rac1 Nc6 20.Ne4 Qe7 21.Qb2 Bf4 
22.Rc4 a5 23.bxa5 Qc7 24.g3 f5 25.Nc5 Be5 26.Nxe5 Nxe5 27.Nxe6 Nf3+ 28.Kh1
Qxc4 29.Qxb7 Rc8 30.Nxg7+ Kd8 31.Be7# 1-0

[Event "22nd EUR-ch (w)"]
[Site "Prague CZE"]
[Date "2022.08.29"]
[Round "9.9"]
[White "Roebers, Eline"]
[Black "Batsiashvili, Nino"]
[Result "1-0"]
[WhiteElo "2324"]
[BlackElo "2466"]
[EventDate "2022.08.20"]
[PlyCount "113"]

1.e4 e5 2.Nf3 Nc6 3.Bb5 Nf6 4.O-O Nxe4 5.d4 Nd6 6.dxe5 Nxb5 7.a4 Na3 8.
Nxa3 Be7 9.Nb5 O-O 10.Bf4 a6 11.Nbd4 Nxd4 12.Qxd4 d5 13.exd6 cxd6 14.Rad1 
Bf5 15.c3 Qa5 16.Rfe1 Bf6 17.Qd5 Qxd5 18.Rxd5 Bd7 19.a5 Rfe8 20.Re3 Rxe3 
21.fxe3 Bc6 22.Rxd6 Re8 23.Kf2 h6 24.Rd2 Bd8 25.b4 g5 26.Bd6 Bf6 27.Nd4 
Rd8 28.Bc5 Bb5 29.Ke1 Bc4 30.Rf2 Be5 31.g3 Rd7 32.Kd2 h5 33.e4 f6 34.Ke3 
g4 35.Rd2 Rc7 36.Nf5 Be6 37.Rd8+ Kh7 38.Nd4 Ba2 39.Ne2 h4 40.Bd6 Rf7 41.
gxh4 Bc4 42.Nd4 Ba2 43.h5 Bb1 44.c4 Ba2 45.Bxe5 fxe5 46.Nf5 Bxc4 47.Re8 
Rd7 48.Rxe5 Rd1 49.Kf4 Rh1 50.Re7+ Kg8 51.Kxg4 Rxh2 52.Kg5 Bd3 53.h6 Rg2+ 
54.Kf6 Rf2 55.Ke5 Re2 56.Rg7+ Kh8 57.Nd6 1-0

[Event "22nd EUR-ch (w)"]
[Site "Prague CZE"]
[Date "2022.08.29"]
[Round "9.10"]
[White "Belenkaya, Dina"]
[Black "Narva, Mai"]
[Result "0-1"]
[WhiteElo "2293"]
[BlackElo "2405"]
[EventDate "2022.08.20"]
[PlyCount "82"]

1.e4 c5 2.Nf3 e6 3.d4 cxd4 4.Nxd4 Nf6 5.Nc3 Nc6 6.Bf4 Bc5 7.Ndb5 O-O 8.Bc7
Qe7 9.Bd6 Bxd6 10.Qxd6 Qd8 11.Nc7 Rb8 12.Be2 b5 13.e5 b4 14.exf6 bxc3 15.
fxg7 Kxg7 16.Qg3+ Kh8 17.Qxc3+ e5 18.Nb5 a6 19.Nd6 Qf6 20.Ne4 Qf4 21.Nc5 
Nd4 22.Nb3 Nxe2 23.Kxe2 d5 24.Qe3 Qf5 25.Qd3 Qg4+ 26.Kd2 Bf5 27.Qf3 Qg6 
28.Rhc1 a5 29.a4 d4 30.Ra3 Qg5+ 31.Ke1 Rxb3 32.Rxb3 Qxc1+ 33.Qd1 Qxc2 34.
Qxc2 Bxc2 35.Rb5 e4 36.Rxa5 Rb8 37.Rd5 d3 38.Kd2 Bxa4 39.Ke3 Rxb2 40.Rd8+ 
Kg7 41.Kxe4 d2 0-1

[Event "22nd EUR-ch (w)"]
[Site "Prague CZE"]
[Date "2022.08.29"]
[Round "9.11"]
[White "Blagojevic, Tijana"]
[Black "Bulmaga, Irina"]
[Result "0-1"]
[WhiteElo "2291"]
[BlackElo "2403"]
[EventDate "2022.08.20"]
[PlyCount "84"]

1.e4 c5 2.Nf3 Nc6 3.Bb5 g6 4.O-O Bg7 5.c3 Nf6 6.Re1 O-O 7.d4 d5 8.e5 Ne4 
9.Be3 cxd4 10.cxd4 Qb6 11.Bxc6 Qxc6 12.h3 Be6 13.Nbd2 Rac8 14.Ng5 Nxg5 15.
Bxg5 f6 16.exf6 exf6 17.Bf4 Bf5 18.g4 Bc2 19.Qf3 g5 20.Bg3 f5 21.gxf5 Bxf5
22.Be5 Qd7 23.Bxg7 Qxg7 24.Qxd5+ Kh8 25.Rac1 Rcd8 26.Qe5 Qxe5 27.Rxe5 Rxd4
28.Nb3 Rf4 29.Rc7 Bg6 30.Re2 g4 31.Rc3 gxh3 32.Rxh3 b6 33.Kf1 R8f7 34.Ke1 
Kg7 35.Nc1 Rd7 36.f3 Rc4 37.Nb3 a5 38.Nd2 Rc1+ 39.Kf2 Bd3 40.Nb3 Rcc7 41.
Re6 Rc2+ 42.Kg3 a4 0-1

[Event "22nd EUR-ch (w)"]
[Site "Prague CZE"]
[Date "2022.08.29"]
[Round "9.12"]
[White "Lach, Aleksandra"]
[Black "Milliet, Sophie"]
[Result "0-1"]
[WhiteElo "2152"]
[BlackElo "2391"]
[EventDate "2022.08.20"]
[PlyCount "90"]

1.e4 e5 2.Nf3 Nc6 3.d4 exd4 4.Nxd4 Nf6 5.Nxc6 bxc6 6.e5 Qe7 7.Qe2 Nd5 8.h4
Qe6 9.Nd2 a5 10.g3 Nb4 11.Nf3 Ba6 12.c4 Qg6 13.Kd1 h5 14.a3 Nd5 15.Ng5 Be7
16.Qf3 Bxg5 17.Bd3 Ne3+ 18.Ke2 Bxc4 19.Bxc4 Qc2+ 20.Ke1 Nxc4 21.hxg5 Nxe5 
22.Qe2 Qxe2+ 23.Kxe2 d6 24.Bd2 Kd7 25.Bc3 f6 26.gxf6 gxf6 27.Rh4 Rae8 28.
Kf1 Rb8 29.Rd1 Rb5 30.Kg2 Ng6 31.Ra4 h4 32.Bxf6 h3+ 33.Kh2 Rf8 34.Bd4 c5 
35.Be3 Rh8 36.Rg4 Ne5 37.Rf4 Kc6 38.Bc1 Rb3 39.Be3 Rxb2 40.Bd2 Rb3 41.Bxa5
Rxa3 42.Be1 Nf3+ 43.Kh1 Re8 44.Ba5 Re2 45.Rf1 Rxf2 0-1

[Event "22nd EUR-ch (w)"]
[Site "Prague CZE"]
[Date "2022.08.29"]
[Round "9.13"]
[White "Injac, Teodora"]
[Black "Brunello, Marina"]
[Result "1/2-1/2"]
[WhiteElo "2389"]
[BlackElo "2341"]
[EventDate "2022.08.20"]
[PlyCount "130"]

1.Nf3 f5 2.g3 Nf6 3.Bg2 g6 4.O-O Bg7 5.d4 d6 6.c3 O-O 7.Nbd2 Nc6 8.b4 Qe8 
9.Qb3+ Kh8 10.b5 Nd8 11.a4 Nf7 12.Re1 e5 13.e4 f4 14.Ba3 Nh5 15.Qc4 Qe7 
16.dxe5 Bxe5 17.Nxe5 Nxe5 18.Qd4 Qf6 19.c4 b6 20.Bb2 Ng7 21.Kh1 Bg4 22.f3 
Bc8 23.gxf4 Qxf4 24.Qe3 Ne6 25.a5 Bd7 26.Qxf4 Nxf4 27.Re3 Kg8 28.axb6 axb6
29.Rea3 Rxa3 30.Rxa3 Be6 31.Ra7 Rf7 32.Ra8+ Kg7 33.Bf1 g5 34.Ra7 Rd7 35.
Bc3 Kf6 36.Ra8 Rg7 37.Kg1 Rf7 38.Kf2 Kg6 39.Ke3 Kh6 40.Re8 Bd7 41.Rg8 Nfg6
42.Be2 Bh3 43.c5 bxc5 44.Nc4 Re7 45.Nxe5 Nxe5 46.Bxe5 Rxe5 47.Bc4 Re7 48.
Rd8 Rd7 49.Rb8 Kg6 50.Bd5 Re7 51.b6 cxb6 52.Rxb6 Rd7 53.e5 Kf5 54.exd6 Ke5
55.Be4 Ra7 56.Rc6 Ra3+ 57.Kf2 Rc3 58.Bxh7 Bd7 59.Ra6 g4 60.fxg4 Bxg4 61.
Ra4 Bd7 62.Ra2 Rh3 63.Re2+ Kxd6 64.Rd2+ Ke6 65.Rxd7 Rxh2+ 1/2-1/2

[Event "22nd EUR-ch (w)"]
[Site "Prague CZE"]
[Date "2022.08.29"]
[Round "9.14"]
[White "Kiolbasa, Oliwia"]
[Black "Rakhmangulova, Anastasiya"]
[Result "1-0"]
[WhiteElo "2383"]
[BlackElo "2244"]
[EventDate "2022.08.20"]
[PlyCount "139"]

1.e4 c5 2.Nf3 d6 3.d4 cxd4 4.Nxd4 Nf6 5.Nc3 a6 6.Bd3 g6 7.O-O Bg7 8.Re1 
O-O 9.Bf1 b5 10.a4 b4 11.Nd5 Bb7 12.Nb3 Nbd7 13.Nxb4 Nxe4 14.a5 Ndc5 15.c3
e6 16.Nxc5 dxc5 17.Nc2 Qc7 18.Ne3 h5 19.Nc4 Rfd8 20.Qc2 Qc6 21.f3 Nd6 22.
Ne5 Qe8 23.Qf2 Rac8 24.Nc4 Nxc4 25.Bxc4 Qe7 26.Be3 h4 27.Rad1 Rxd1 28.Rxd1
h3 29.gxh3 Qc7 30.h4 Qxa5 31.h5 gxh5 32.Qg3 Qc7 33.Qxc7 Rxc7 34.Rd8+ Kh7 
35.Bf4 Rc6 36.Rd7 Bc8 37.Rxf7 Kg6 38.Ra7 e5 39.Be3 Bf6 40.Bf7+ Kf5 41.Bxh5
e4 42.Bg4+ Ke5 43.f4+ Kd5 44.Bxc8 Rxc8 45.Rxa6 Bh8 46.Ra5 Kc4 47.Kf2 Bf6 
48.Ke2 Be7 49.Ra7 Bd6 50.Ra6 Rd8 51.Rb6 Kd5 52.b3 c4 53.Rb5+ Kc6 54.bxc4 
Rh8 55.Bd4 Rh4 56.Rf5 Bxf4 57.Bf2 Rxh2 58.Rxf4 Rh3 59.Rxe4 Rxc3 60.Kd2 Ra3
61.Bd4 Kd6 62.Rf4 Kd7 63.Rf6 Rh3 64.Be3 Rh4 65.Kd3 Rg4 66.Bd4 Rh4 67.c5 
Ke7 68.Ra6 Kd7 69.Kc4 Kc7 70.Kd5 1-0

[Event "22nd EUR-ch (w)"]
[Site "Prague CZE"]
[Date "2022.08.29"]
[Round "9.15"]
[White "Sargsian, Anna M."]
[Black "Hajiyeva, Laman"]
[Result "1-0"]
[WhiteElo "2378"]
[BlackElo "2042"]
[EventDate "2022.08.20"]
[PlyCount "89"]

1.d4 d5 2.Nf3 Nf6 3.Bf4 c5 4.e3 cxd4 5.exd4 Nc6 6.c3 Bg4 7.Nbd2 e6 8.Qb3 
Bd6 9.Qxb7 Bxf4 10.Qxc6+ Kf8 11.Bd3 g6 12.g3 Bd6 13.Ne5 Rc8 14.Qa4 Bh3 15.
Qxa7 Rc7 16.Qa4 Qb8 17.Qc2 Bxe5 18.dxe5 Ng4 19.f4 Bg2 20.Rg1 Qa7 21.Rxg2 
Ne3 22.Qc1 Nxg2+ 23.Kf1 Ne3+ 24.Ke2 Ng4 25.Qg1 Qb8 26.Rb1 Ra7 27.a3 Kg7 
28.h3 Nh6 29.g4 Ra4 30.Qe3 Ng8 31.Nf3 h5 32.f5 f6 33.g5 exf5 34.b3 Rxa3 
35.gxf6+ Nxf6 36.exf6+ Kxf6 37.Qd4+ Ke7 38.Qg7+ Kd6 39.Qxg6+ Kc7 40.Qf7+ 
Kb6 41.Qe6+ Ka7 42.Qe7+ Kb6 43.Qxa3 Qg3 44.Qb4+ Kc7 45.Qc5+ 1-0

[Event "22nd EUR-ch (w)"]
[Site "Prague CZE"]
[Date "2022.08.29"]
[Round "9.16"]
[White "Urh, Zala"]
[Black "Unuk, Laura"]
[Result "1/2-1/2"]
[WhiteElo "2262"]
[BlackElo "2350"]
[EventDate "2022.08.20"]
[PlyCount "39"]

1.c4 c5 2.Nc3 Nf6 3.g3 Nc6 4.Bg2 g6 5.Nf3 Bg7 6.O-O O-O 7.d3 d6 8.a3 Rb8 
9.Rb1 a6 10.b4 cxb4 11.axb4 b5 12.cxb5 axb5 13.Be3 Ng4 14.Bd2 Nge5 15.Nxe5
Nxe5 16.Qc1 Bb7 17.Bxb7 Rxb7 18.Bh6 Bxh6 19.Qxh6 Ng4 20.Qg5 1/2-1/2

[Event "22nd EUR-ch (w)"]
[Site "Prague CZE"]
[Date "2022.08.29"]
[Round "9.17"]
[White "Rudzinska, Michalina"]
[Black "Dzagnidze, Nana"]
[Result "0-1"]
[WhiteElo "2287"]
[BlackElo "2531"]
[EventDate "2022.08.20"]
[PlyCount "102"]

1.e4 c6 2.Nf3 d5 3.Nc3 Bg4 4.h3 Bxf3 5.Qxf3 Nf6 6.Be2 e6 7.O-O d4 8.Nb1 
Nbd7 9.d3 Bd6 10.h4 h5 11.Qh3 Ng4 12.f4 f5 13.Nd2 Qe7 14.Nf3 O-O-O 15.e5 
Bc7 16.Bd2 Nb6 17.c3 dxc3 18.bxc3 Nd5 19.d4 c5 20.a4 Ba5 21.Rfc1 Kb8 22.
Rab1 Rc8 23.Qg3 cxd4 24.Nxd4 Rhd8 25.Bxg4 hxg4 26.Be1 Bb6 27.Bf2 Bxd4 28.
Bxd4 Rc4 29.Qf2 Ka8 30.g3 Rdc8 31.Rb3 Rxa4 32.c4 Qd7 33.Rbb1 Rcxc4 34.Rxc4
Rxc4 35.Bxa7 Qa4 36.Bb6 g6 37.Qf1 Rc2 38.Ra1 Ra2 39.Rxa2 Qxa2 40.Bf2 Nc3 
41.Qd3 Qb1+ 42.Qxb1 Nxb1 43.Kf1 Nc3 44.Be1 Ne4 45.Ke2 Ka7 46.Kd3 Kb6 47.
Kc4 Kc6 48.Kb4 b5 49.Ka5 Kc5 50.Bb4+ Kc4 51.Be1 Nxg3 0-1

[Event "22nd EUR-ch (w)"]
[Site "Prague CZE"]
[Date "2022.08.29"]
[Round "9.18"]
[White "Gaboian, Susanna"]
[Black "Javakhishvili, Lela"]
[Result "0-1"]
[WhiteElo "2270"]
[BlackElo "2476"]
[EventDate "2022.08.20"]
[PlyCount "158"]

1.Nf3 g6 2.g3 c5 3.Bg2 Bg7 4.d4 cxd4 5.Nxd4 Nc6 6.Nb3 d6 7.Nc3 Nf6 8.O-O 
Be6 9.e4 h5 10.Bg5 Nh7 11.Be3 h4 12.Nd4 Bd7 13.Nd5 Ne5 14.f3 e6 15.Nc3 Nc4
16.Bf2 hxg3 17.hxg3 Qa5 18.Qc1 Nf6 19.g4 Bh6 20.Qe1 Qe5 21.Qe2 Rc8 22.Rfd1
a6 23.Rab1 Bf4 24.Qd3 Qg5 25.Nde2 Be5 26.b3 Bh2+ 27.Kf1 Ne5 28.Qe3 Qxe3 
29.Bxe3 b5 30.a3 Nc6 31.g5 Nh5 32.Kf2 f6 33.gxf6 Nxf6 34.Rh1 Kf7 35.Rbd1 
Be5 36.Rxh8 Rxh8 37.Bf4 Bxf4 38.Nxf4 g5 39.Nfe2 Ke7 40.Nd4 Nxd4 41.Rxd4 
Rc8 42.Rd3 Nh5 43.b4 Nf4 44.Re3 Ng6 45.Bf1 Ne5 46.Ke1 Be8 47.Be2 Bh5 48.
Kf2 Bg6 49.a4 Be8 50.axb5 axb5 51.Nxb5 Rxc2 52.Rc3 Rxe2+ 53.Kxe2 Bxb5+ 54.
Ke3 Kd7 55.Rc1 Nc4+ 56.Kd3 Ke7 57.Rh1 Kf6 58.Rh7 Ne5+ 59.Ke3 Nf7 60.Rh2 
Ke5 61.Rh7 Kf6 62.Rh2 Ne5 63.Rh7 Bd7 64.Rh6+ Kg7 65.Rh1 Kf6 66.Rh6+ Ke7 
67.Rh7+ Nf7 68.Rh2 Bc6 69.Ra2 d5 70.Ra7+ Kf6 71.exd5 Bxd5 72.f4 g4 73.Kf2 
Nd6 74.Rd7 Nf5 75.b5 g3+ 76.Kf1 Bc4+ 77.Kg2 Bxb5 78.Rc7 Bc4 79.Kh3 Bf1+ 
0-1

[Event "22nd EUR-ch (w)"]
[Site "Prague CZE"]
[Date "2022.08.29"]
[Round "9.19"]
[White "Mkrtchian, Mariam"]
[Black "Zawadzka, Jolanta"]
[Result "1-0"]
[WhiteElo "2285"]
[BlackElo "2412"]
[EventDate "2022.08.20"]
[PlyCount "99"]

1.d4 d5 2.c4 e6 3.Nf3 Nf6 4.g3 dxc4 5.Bg2 Bb4+ 6.Bd2 a5 7.Qc2 c5 8.Qxc4 b6
9.Bxb4 Ba6 10.Qc2 cxb4 11.O-O O-O 12.Re1 Ra7 13.Rc1 Qd7 14.Qd1 Rc7 15.Nbd2
Rfc8 16.e3 Nc6 17.Nc4 Nxd4 18.Nfe5 Qd8 19.Bf1 Bxc4 20.Nxc4 b5 21.Nxa5 Nf3+
22.Kg2 Nd2 23.Rxc7 Rxc7 24.Nb3 Qa8+ 25.Kg1 Nf3+ 26.Kg2 Ng5+ 27.Kg1 Nf3+ 
28.Kg2 Ng5+ 29.Kg1 Rd7 30.Qc1 Nf3+ 31.Kg2 Ng5+ 32.Kg1 Nf3+ 33.Kg2 Ng4 34.
e4 f5 35.Bxb5 Nfe5 36.f3 Rf7 37.Nd4 Nxf3 38.Nxf3 fxe4 39.Nd4 Rf2+ 40.Kg1 
Rxh2 41.Bd7 Rh3 42.Bxe6+ Kh8 43.Qf4 e3 44.Nf3 Nf2 45.Kg2 Rh6 46.Qxe3 Nd3 
47.Bf5 Nxb2 48.Rc1 Rc6 49.Be4 Nc4 50.Qb3 1-0

[Event "22nd EUR-ch (w)"]
[Site "Prague CZE"]
[Date "2022.08.29"]
[Round "9.20"]
[White "Daulyte-Cornette, Deimante"]
[Black "Dolzhykova, Kateryna"]
[Result "0-1"]
[WhiteElo "2384"]
[BlackElo "2139"]
[EventDate "2022.08.20"]
[PlyCount "58"]

1.e4 c5 2.Nf3 d6 3.Bb5+ Bd7 4.Bxd7+ Qxd7 5.O-O Nc6 6.c3 d5 7.exd5 Qxd5 8.
d4 e6 9.Qa4 Nf6 10.Na3 cxd4 11.Nxd4 Bxa3 12.Nxc6 O-O 13.Qxa3 Qxc6 14.Qb4 
a5 15.Qh4 a4 16.Bg5 Ne4 17.Be7 Rfe8 18.Rad1 a3 19.f3 g5 20.Bxg5 Qc5+ 21.
Rd4 Qxg5 22.Qxe4 axb2 23.Qc2 Qe3+ 24.Kh1 Rxa2 25.Re4 Ra1 26.Rd1 Rxd1+ 27.
Qxd1 Qc1 28.Re1 Qxd1 29.Rxd1 Ra8 0-1

[Event "22nd EUR-ch (w)"]
[Site "Prague CZE"]
[Date "2022.08.29"]
[Round "9.21"]
[White "Antova, Gabriela"]
[Black "Melia, Salome"]
[Result "1-0"]
[WhiteElo "2269"]
[BlackElo "2384"]
[EventDate "2022.08.20"]
[PlyCount "91"]

1.d4 Nf6 2.Nf3 d5 3.c4 e6 4.Bg5 h6 5.Bxf6 Qxf6 6.Nc3 Qd8 7.e3 Be7 8.Bd3 
O-O 9.O-O dxc4 10.Bxc4 c5 11.Qe2 Nc6 12.Rad1 cxd4 13.exd4 Bd6 14.Rfe1 Ne7 
15.Qe4 Qb6 16.h4 Qxb2 17.Nb5 Qb4 18.Ne5 Bb8 19.Rb1 Qa5 20.Re3 a6 21.Nc3 
Nf5 22.Rd3 Nd6 23.Qg4 h5 24.Qh3 Nxc4 25.Nxc4 Qd8 26.Nb6 Ra7 27.Ne4 Bc7 28.
Nxc8 Qxc8 29.Qf3 g6 30.d5 Bd8 31.d6 b6 32.g3 Kg7 33.Qe3 Qc4 34.Rc1 Qa4 35.
Ra3 Qd7 36.Qd4+ f6 37.Rac3 e5 38.Qd5 Kh6 39.Rc6 f5 40.Ng5 Bxg5 41.hxg5+ 
Kxg5 42.Qxe5 Re8 43.Qf4+ Kf6 44.Qh4+ g5 45.Qxh5 f4 46.Qxe8 1-0

[Event "22nd EUR-ch (w)"]
[Site "Prague CZE"]
[Date "2022.08.29"]
[Round "9.22"]
[White "Krasteva, Beloslava"]
[Black "Antolak, Julia"]
[Result "1/2-1/2"]
[WhiteElo "2269"]
[BlackElo "2378"]
[EventDate "2022.08.20"]
[PlyCount "227"]

1.d4 Nf6 2.c4 e6 3.Nc3 Bb4 4.a3 Bxc3+ 5.bxc3 c5 6.f3 d6 7.e4 Nc6 8.Be3 b6 
9.Bd3 e5 10.Ne2 Na5 11.O-O Ba6 12.Ng3 Qd7 13.Nf5 Nh5 14.f4 g6 15.fxe5 dxe5
16.Qe2 O-O-O 17.Rad1 gxf5 18.Qxh5 Bxc4 19.Rxf5 Be6 20.Ba6+ Kb8 21.Rff1 
exd4 22.cxd4 Bg4 23.Qe5+ Ka8 24.Rc1 cxd4 25.Rc7 Qe6 26.Bxd4 Rhe8 27.Qxe6 
Bxe6 28.Bc3 Kb8 29.Be5 Ka8 30.Bg3 Rd4 31.Bb5 Rg8 32.Re7 Rgd8 33.Rc1 Bc4 
34.Bxc4 Nxc4 35.Rxf7 Rxe4 36.Rxh7 Nxa3 37.Rcc7 Nb5 38.Rcd7 Rg8 39.Rhg7 
Rxg7 40.Rxg7 Nd4 41.h4 a5 42.h5 Re6 43.Bf2 Ne2+ 44.Kf1 Nf4 45.g4 a4 46.Rf7
Nxh5 47.gxh5 Rh6 48.Rf5 a3 49.Bd4 a2 50.Kg2 Kb7 51.Bg7 Rh7 52.Ba1 Kc6 53.
Kg3 b5 54.Kg4 b4 55.Kg5 b3 56.h6 Rb7 57.Rf2 Kd5 58.Rh2 Kc4 59.h7 b2 60.
Bxb2 Rxb2 61.Rxb2 a1=Q 62.h8=Q Qg1+ 63.Kf4 Qf1+ 64.Ke3 Qe1+ 65.Kf3 Qf1+ 
66.Rf2 Qd3+ 67.Kg2 Qg6+ 68.Kh2 Qd6+ 69.Kh3 Qe6+ 70.Kh4 Qe4+ 71.Kg5 Qd5+ 
72.Rf5 Qg2+ 73.Kf6 Qc6+ 74.Kf7 Qc7+ 75.Kg6 Qg3+ 76.Rg5 Qd3+ 77.Kf7 Qd7+ 
78.Kg6 Qd3+ 79.Kh6 Qd6+ 80.Rg6 Qh2+ 81.Kg7 Qc7+ 82.Kg8 Qd8+ 83.Kh7 Qh4+ 
84.Rh6 Qe4+ 85.Kg7 Qe7+ 86.Kg6 Qe4+ 87.Kf6 Qc6+ 88.Ke5 Qc5+ 89.Ke4 Qd5+ 
90.Ke3 Qg5+ 91.Ke2 Qg2+ 92.Kd1 Qf1+ 93.Kc2 Qe2+ 94.Kb1 Qd1+ 95.Ka2 Qb3+ 
96.Ka1 Qd1+ 97.Kb2 Qd2+ 98.Ka1 Qe1+ 99.Ka2 Qa5+ 100.Kb1 Qe1+ 101.Kc2 Qe2+ 
102.Kc1 Qe1+ 103.Kb2 Qd2+ 104.Ka3 Qa5+ 105.Kb2 Qd2+ 106.Kb1 Qe1+ 107.Ka2 
Qa5+ 108.Kb2 Qd2+ 109.Kb1 Qe1+ 110.Kc2 Qe2+ 111.Kc1 Qe1+ 112.Kb2 Qd2+ 113.
Ka1 Qe1+ 114.Ka2 1/2-1/2

[Event "22nd EUR-ch (w)"]
[Site "Prague CZE"]
[Date "2022.08.29"]
[Round "9.23"]
[White "Lazarne Vajda, Szidonia"]
[Black "Sliwicka, Alicja"]
[Result "1/2-1/2"]
[WhiteElo "2313"]
[BlackElo "2260"]
[EventDate "2022.08.20"]
[PlyCount "89"]

1.d4 Nf6 2.Nf3 g6 3.g3 Bg7 4.Bg2 O-O 5.O-O d6 6.Re1 Ne4 7.c4 f5 8.Qd3 e5 
9.dxe5 dxe5 10.Qxd8 Rxd8 11.Ng5 Nf6 12.Nc3 h6 13.Nf3 Nc6 14.e4 Nb4 15.Be3 
Nc2 16.Red1 Be6 17.Rac1 Nxe3 18.fxe3 Ng4 19.Re1 Rd3 20.exf5 gxf5 21.e4 Rf8
22.exf5 Bxf5 23.Nh4 e4 24.Nxf5 Rxf5 25.Nxe4 Bxb2 26.Rcd1 Bd4+ 27.Kh1 Rxd1 
28.Rxd1 c5 29.Rb1 Re5 30.h3 Rxe4 31.Bxe4 Nf2+ 32.Kg2 Nxe4 33.Rxb7 a5 34.
Ra7 Bc3 35.Kf3 Nd6 36.Ke2 h5 37.g4 h4 38.Kd3 Be1 39.Re7 Bb4 40.Re5 Kg7 41.
Rh5 Nf7 42.Ke4 Nd6+ 43.Kd3 Nf7 44.Ke4 Nd6+ 45.Kd3 1/2-1/2

[Event "22nd EUR-ch (w)"]
[Site "Prague CZE"]
[Date "2022.08.29"]
[Round "9.24"]
[White "Gueci, Tea"]
[Black "Schulze, Lara"]
[Result "1/2-1/2"]
[WhiteElo "2254"]
[BlackElo "2297"]
[EventDate "2022.08.20"]
[PlyCount "58"]

1.e4 c5 2.Nf3 Nc6 3.Bb5 g6 4.O-O Bg7 5.Re1 e5 6.b4 Nxb4 7.Bb2 a6 8.a3 axb5
9.axb4 Rxa1 10.Bxa1 cxb4 11.Bxe5 Bxe5 12.Nxe5 Nf6 13.d4 d5 14.Qd3 O-O 15.
Qxb5 Nxe4 16.Qxb4 Qg5 17.Nf3 Qf4 18.Nc3 Nxc3 19.Qxc3 Bf5 20.Qb3 Be4 21.Re3
Bxf3 22.gxf3 Qg5+ 23.Kf1 Ra8 24.Re1 Rc8 25.Qxb7 Rxc2 26.Qb8+ Kg7 27.Qe5+ 
Qf6 28.Qxf6+ Kxf6 29.Re5 Rc4 1/2-1/2

[Event "22nd EUR-ch (w)"]
[Site "Prague CZE"]
[Date "2022.08.29"]
[Round "9.25"]
[White "Martynkova, Olena"]
[Black "Papp, Sarah"]
[Result "1/2-1/2"]
[WhiteElo "2182"]
[BlackElo "2290"]
[EventDate "2022.08.20"]
[PlyCount "40"]

1.d4 Nf6 2.Nc3 d5 3.Bf4 Bf5 4.e3 e6 5.Bd3 c6 6.Nge2 Nbd7 7.Ng3 Bxd3 8.Qxd3
Bb4 9.O-O h5 10.h3 Qe7 11.a3 Bxc3 12.Qxc3 h4 13.Ne2 Ne4 14.Qb4 Qxb4 15.
axb4 Ke7 16.f3 Nd6 17.Bxd6+ Kxd6 18.e4 f6 19.exd5 exd5 20.Nf4 g5 1/2-1/2

[Event "22nd EUR-ch (w)"]
[Site "Prague CZE"]
[Date "2022.08.29"]
[Round "9.26"]
[White "Rodshtein, Tereza"]
[Black "Radeva, Viktoria"]
[Result "1-0"]
[WhiteElo "2154"]
[BlackElo "2289"]
[EventDate "2022.08.20"]
[PlyCount "79"]

1.e4 c5 2.Nf3 e6 3.d4 cxd4 4.Nxd4 a6 5.Bd3 Bc5 6.Nb3 Ba7 7.Qg4 Nf6 8.Qg3 
d6 9.O-O Nc6 10.Nc3 Ne5 11.Be2 b5 12.a3 Bb7 13.Bf4 O-O 14.Rad1 Qc7 15.Rxd6
Ng6 16.e5 Nd5 17.Bd2 Bb8 18.Na5 Qc8 19.Ne4 Bxd6 20.exd6 Ndf4 21.Nf6+ gxf6 
22.Bxf4 Be4 23.Bh6 Rd8 24.c4 Qc5 25.Rd1 bxc4 26.Nxc4 Kh8 27.b4 Qc6 28.Ne5 
Qe8 29.Ng4 f5 30.Nf6 Qc6 31.Qg5 Qc3 32.Nh5 Rg8 33.d7 Nf4 34.Bg7+ Qxg7 35.
Qxg7+ Rxg7 36.d8=Q+ Rxd8 37.Rxd8+ Rg8 38.Rxg8+ Kxg8 39.Nxf4 Bb7 40.Nd3 1-0

[Event "22nd EUR-ch (w)"]
[Site "Prague CZE"]
[Date "2022.08.29"]
[Round "9.27"]
[White "Gaal, Zsoka"]
[Black "Marcinczyk, Monika"]
[Result "1-0"]
[WhiteElo "2313"]
[BlackElo "1934"]
[EventDate "2022.08.20"]
[PlyCount "73"]

1.Nf3 Nf6 2.g3 b6 3.Bg2 Bb7 4.O-O e6 5.d4 Be7 6.c4 O-O 7.Re1 d5 8.cxd5 
exd5 9.Nc3 Ne4 10.Bf4 Nxc3 11.bxc3 Nd7 12.Qa4 c5 13.Rab1 Qc8 14.Bh3 Bc6 
15.Qc2 Qd8 16.Red1 c4 17.Ne5 Nxe5 18.dxe5 Qe8 19.Rd2 Bc5 20.Bg2 Rd8 21.h4 
h6 22.e3 Qe7 23.h5 Rd7 24.Rbd1 Rfd8 25.Bh3 Rb7 26.e4 d4 27.cxd4 Bb4 28.
Qxc4 Bxd2 29.Rxd2 Bxe4 30.d5 Bf3 31.d6 Qe8 32.Rc2 Bxh5 33.Qd5 Qa4 34.Rc1 
Rbb8 35.e6 Qa5 36.Qxa5 bxa5 37.e7 1-0

[Event "22nd EUR-ch (w)"]
[Site "Prague CZE"]
[Date "2022.08.29"]
[Round "9.28"]
[White "Calzetta Ruiz, Monica"]
[Black "Stefanova, Antoaneta"]
[Result "1-0"]
[WhiteElo "2230"]
[BlackElo "2472"]
[EventDate "2022.08.20"]
[PlyCount "125"]

1.e4 e5 2.Nf3 Nc6 3.Bb5 a6 4.Ba4 Nf6 5.d3 b5 6.Bb3 Be7 7.O-O O-O 8.a4 Bb7 
9.Nc3 Nd4 10.Ba2 b4 11.Nxd4 exd4 12.Ne2 d5 13.exd5 Bc5 14.Bg5 h6 15.Bxf6 
Qxf6 16.Ng3 Qg6 17.Re1 Rad8 18.Re4 Bc8 19.Qf3 Kh7 20.Rae1 f5 21.Re6 Bxe6 
22.dxe6 f4 23.Ne2 Qg5 24.h4 Qxh4 25.Qe4+ g6 26.g3 Qf6 27.Nxf4 Rde8 28.Re2 
Bd6 29.e7 Rxe7 30.Nd5 Rxe4 31.Nxf6+ Rxf6 32.Rxe4 c5 33.Kg2 h5 34.Re8 Kh6 
35.Ra8 Bc7 36.Ra7 Bd8 37.Bd5 Rd6 38.Be4 Kg5 39.Rg7 Kh6 40.Rg8 Kh7 41.Re8 
Kg7 42.Re5 Bb6 43.b3 a5 44.f4 Rf6 45.Kh3 Kh6 46.Rd5 Kg7 47.Rg5 Kh6 48.Rd5 
Kg7 49.Kh4 Kh6 50.Rd7 Rf8 51.Rd6 Rf6 52.Rd7 Rf8 53.Kh3 Rd8 54.Rf7 Rd6 55.
g4 hxg4+ 56.Kxg4 Bd8 57.f5 Rf6 58.Rd7 Rf8 59.fxg6 Rh8 60.Kf5 Rf8+ 61.Ke6 
Kg5 62.g7 Re8+ 63.Kf7 1-0

[Event "22nd EUR-ch (w)"]
[Site "Prague CZE"]
[Date "2022.08.29"]
[Round "9.29"]
[White "Paramzina, Anastasya"]
[Black "Zimina, Olga"]
[Result "1-0"]
[WhiteElo "2216"]
[BlackElo "2340"]
[EventDate "2022.08.20"]
[PlyCount "97"]

1.e4 c6 2.d4 d5 3.exd5 cxd5 4.Bd3 Nc6 5.c3 Nf6 6.h3 g6 7.Nf3 Bf5 8.Be2 Bg7
9.O-O Qc7 10.Re1 O-O 11.Bf1 h6 12.Be3 Rac8 13.Nbd2 Rfe8 14.Rc1 Rcd8 15.b4 
Ne4 16.b5 Na5 17.Nxe4 Bxe4 18.Nd2 Bf5 19.Qf3 Qd7 20.Bf4 Rc8 21.g4 Be6 22.
Bd3 b6 23.Qe3 Kh7 24.Be5 f6 25.Bg3 Bf7 26.f4 Nc4 27.Nxc4 dxc4 28.Be4 Qxb5 
29.f5 g5 30.Qf3 Red8 31.Bb7 Bd5 32.Bxd5 Qxd5 33.Qxd5 Rxd5 34.Rxe7 Ra5 35.
Rc2 Kg8 36.Rce2 h5 37.Rd7 hxg4 38.hxg4 Ra3 39.Be1 b5 40.Rb7 a6 41.d5 Bf8 
42.Re6 Rd8 43.Rxf6 Rd6 44.Re6 b4 45.Rb8 b3 46.Rxd6 bxa2 47.Rf6 a1=Q 48.
Rbxf8+ Kg7 49.R6f7+ 1-0

[Event "22nd EUR-ch (w)"]
[Site "Prague CZE"]
[Date "2022.08.29"]
[Round "9.30"]
[White "Terbe, Zsuzsanna"]
[Black "Zhukova, Natalia"]
[Result "0-1"]
[WhiteElo "2196"]
[BlackElo "2335"]
[EventDate "2022.08.20"]
[PlyCount "66"]

1.d4 Nf6 2.c4 e6 3.Nc3 d5 4.cxd5 exd5 5.Bg5 c6 6.e3 Bd6 7.Bd3 O-O 8.Nge2 
Re8 9.Qc2 h6 10.Bh4 a5 11.h3 Na6 12.a3 Nc7 13.O-O Ne6 14.f3 Ng5 15.f4 
Nxh3+ 16.gxh3 Rxe3 17.Bf5 Be7 18.Bxf6 Bxf6 19.Rad1 b5 20.Rd2 Qe8 21.Rf2 
Bh4 22.Rg2 b4 23.Nd1 b3 24.Qb1 Be1 25.Nxe3 Qxe3+ 26.Kf1 Bxd2 27.Rg3 Bxf5 
28.Qxf5 Qe4 29.Qf6 g6 30.f5 Bg5 31.Qxc6 Re8 32.Rg2 Qxf5+ 33.Kg1 Rc8 0-1

[Event "22nd EUR-ch (w)"]
[Site "Prague CZE"]
[Date "2022.08.29"]
[Round "9.31"]
[White "Toncheva, Nadya"]
[Black "Heinemann, Josefine"]
[Result "0-1"]
[WhiteElo "2164"]
[BlackElo "2321"]
[EventDate "2022.08.20"]
[PlyCount "140"]

1.e4 e5 2.Nf3 Nc6 3.Bb5 a6 4.Ba4 Nf6 5.O-O Be7 6.Re1 b5 7.Bb3 O-O 8.c3 d5 
9.exd5 Nxd5 10.Nxe5 Nxe5 11.Rxe5 c6 12.d4 Bd6 13.Re1 Qh4 14.g3 Qh3 15.Be3 
Bg4 16.Qd3 Rae8 17.Bxd5 cxd5 18.Nd2 f5 19.f4 g5 20.Qf1 Qh5 21.Qf2 h6 22.a4
Kh8 23.axb5 axb5 24.Ra6 Bc7 25.Rc6 Re7 26.Nf1 Rfe8 27.fxg5 hxg5 28.h4 gxh4
29.gxh4 Kg8 30.Qg2 f4 31.Nh2 Rg7 32.Rxc7 Rxc7 33.Nxg4 Kh8 34.Rf1 Rg7 35.
Rxf4 Reg8 36.Kf1 Rxg4 37.Rxg4 Rxg4 38.Qf2 Qxh4 39.Qf3 Rg3 40.Qf8+ Rg8 41.
Qf3 Re8 42.Bf2 Qg5 43.Bg3 Kg8 44.Bf2 Re4 45.Qh3 Rg4 46.Ke2 Qf5 47.Be3 Qe4 
48.Kf2 Qc2+ 49.Kf3 Qf5+ 50.Ke2 Kf7 51.Qf3 Ke6 52.Qh3 Rg6 53.Qxf5+ Kxf5 54.
Kd3 Rg3 55.Kd2 Ke4 56.Bh6 Rg2+ 57.Kc1 Kd3 58.Kb1 Kc4 59.Ka2 Rg8 60.Bf4 
Ra8+ 61.Kb1 Kb3 62.Bd6 Rh8 63.Kc1 Rh1+ 64.Kd2 Kxb2 65.Bb4 Kb3 66.Ba5 Rh3 
67.Bb4 Kc4 68.Kc2 Rh2+ 69.Kb1 Kb3 70.Kc1 Rc2+ 0-1